| 000 | 00841nam a2200241 a 4500 | ||
|---|---|---|---|
| 003 | MX-MxUPN | ||
| 005 | 20241001063847.0 | ||
| 008 | 991125s1928 xxu fr 001 0 eng d | ||
| 035 | _aUPN01000013061 | ||
| 040 |
_aMX-MxUPN _bspa _cMX-MxUPN |
||
| 041 | _aeng | ||
| 050 | 4 |
_aLB1571 E6 _bM5.2 |
|
| 110 | 1 |
_aMinnesota. _bDepartmento de Educación _953328 |
|
| 245 | 1 | 0 |
_aCurriculum for elementary schools : _bJune 1928 |
| 260 |
_aMinnesota : _bState Department of Education, _c1928. |
||
| 300 | _a560 páginas | ||
| 500 | _a"Prepared under direction State Board of Education. Reprinted 1943" | ||
| 650 | 0 |
_aEducación primaria _zEstados Unidos _vPlanes y programas _918494 |
|
| 710 | 2 |
_aInstituto Nacional de Pedagogía (México) _epropietario anterior _928088 |
|
| 902 | _bMaríaRobles/2970824 | ||
| 905 | _aLibro | ||
| 942 |
_2lcc _cLIBRO _n0 |
||
| 999 |
_c13061 _d13061 |
||